| 000 | 01199nam a2200289 i 4500 | ||
|---|---|---|---|
| 003 | EG-GICUC | ||
| 005 | 20260428090643.0 | ||
| 008 | 260428s1932 ua ||||fr|||| 000 0 fre d | ||
| 040 |
_aEG-GiCUC _bfre _cEG-GiCUC _dEG-GiCUC _eRda |
||
| 041 | 0 | _afre | |
| 082 | 0 | 4 |
_221 _a343.3721 _bPA . C |
| 092 | 0 | 4 | _221 |
| 099 | _aLaw1 10 343.3721 PA . C 1932 | ||
| 100 | 0 |
_aPace, Umberto _eAuteur |
|
| 245 | 1 | 4 |
_aLes Codes Mixtes D'égypte : _bPrécédés Du Règlement D'organisation Judiciaire / _cPar Umberto Pace. |
| 250 | _aNouvelle Édition Publiée Par Le Bulletin De Législation Et De Jurisprudence Égyptiennes, Mise A Jour Et Annotée Des Anciens Textes Des Codes, Des Lois, Décrets, Arrêtés Les Plus Importants, Ainsi Que Des Décisions Des Chambres Réunies De La Cour D'appel Mixte | ||
| 264 | 1 |
_aAlexandrie : _bibrairie Judiciaire AU Bon Livre, _c1932. |
|
| 300 |
_a336 page , _c 24 cm. |
||
| 336 |
_2rda contenu _a texte |
||
| 337 |
_2rda medias _aOrdinateur |
||
| 338 |
_2 transporteur rda _a Ressource en ligne |
||
| 546 | _aTexte en français | ||
| 650 | 1 | 4 | _aDroit pénal |
| 856 | 4 | 0 | _uhttps://fll.law.cu.edu.eg/fulltext/bks/B10-11586.pdf |
| 905 | _a48 | ||
| 942 |
_2ddc _cBK _e21 _n0 |
||
| 999 |
_c73774 _d73774 |
||